| 000 | 00596nam a22001577a 4500 | ||
|---|---|---|---|
| 005 | 20260219123646.0 | ||
| 008 | 260219b |||||||| |||| 00| 0 eng d | ||
| 040 | _cVITAP | ||
| 082 |
_223 _a894.811 KAL |
||
| 100 |
_aKalam, A.P.J. Abdul _917154 |
||
| 245 |
_aEn Vaazhvil Thirukkural (Tamil) _c/ Dr. A.P.J. Abdul Kalam |
||
| 260 |
_aChennai _bTHG Publishing Pvt Ltd _c2016 |
||
| 300 | _a64p, ill.: 21cm | ||
| 650 | 0 |
_aThirukkural and Moral Values (Aram), Thirukkural and Governance (Porul), Thirukkural and Personal Life, Thirukkural in Education & Youth Development etc. _917155 |
|
| 942 |
_2ddc _cREF |
||
| 999 |
_c47306 _d47306 |
||